LIBRARY & INFORMATION CENTRE, KCAET, TAVANUR

ONLINE PUBLIC ACCESS CATALOGUE (OPAC)

Text book of dynamics for degree and honour`s classes / (Record no. 7452)

MARC details
000 -LEADER
fixed length control field 00659cam a2200265ua 4500
041 ## - LANGUAGE CODE
Language code of text/sound track or separate title eng
082 ## - DEWEY DECIMAL CLASSIFICATION NUMBER
Classification number 531.3
Item number TIW/TE
100 ## - MAIN ENTRY--AUTHOR NAME
Personal name Tiwari, B M L .
245 ## - TITLE STATEMENT
Title Text book of dynamics for degree and honour`s classes /
250 ## - EDITION STATEMENT
Edition statement 2 /
260 ## - PUBLICATION, DISTRIBUTION, ETC. (IMPRINT)
Place of publication Meerut :
Name of publisher Pragati Prakashan ,
Year of publication 1966.
300 ## - PHYSICAL DESCRIPTION
Number of Pages 335 ; .
700 1# - ADDED ENTRY--PERSONAL NAME
Personal name Agarwal, M C .
700 1# - ADDED ENTRY--PERSONAL NAME
Personal name Gupta, S C .
700 1# - ADDED ENTRY--PERSONAL NAME
Personal name Jain, P C .
942 ## - ADDED ENTRY ELEMENTS (KOHA)
Koha item type Books
Holdings
Withdrawn status Lost status Damaged status Home library Current library Date acquired Full call number Accession Number Koha item type
Withdrawn     KAUAET Sanskrit University 07/04/2012 531.3 TIW/TE 14754 Books
Withdrawn     KAUAET Sanskrit University 07/04/2012 531.3 TIW/TE 14756 Books
Withdrawn     KAUAET Sanskrit University 07/04/2012 531.3 TIW/TE 14758 Books
Withdrawn     KAUAET Sanskrit University 07/04/2012 531.3 TIW/TE 14757 Books
Withdrawn     KAUAET Sanskrit University 07/04/2012 531.3 TIW/TE 14755 Books
free website counter